000 00574nam a22001817a 4500
999 _c164769
_d164769
005 20190527121719.0
010 _aENG-125316
020 _a9788192225463
_c125.00
035 _aEN-108848
037 _bDBAD/PUB
082 _a881
100 _aGarcha, Sarabjeet
245 _aLullaby or the ever -returning /
_cby Sarabjeet Garcha
260 _aMumbai
_bPoetrywala
_c2012
270 _a1701/1702, 6A Whispering Palms, Lolhandwala Township
_bKandivali, Mumbai
_e400101
_mpoetrywala@hotmail.com
300 _a74p.
_c22cm(pbk)
942 _2ddc
_cEN
_h881
_mGAR